000 00856nam a22002415i 4500
001 10609
003 ES-MaACL
005 20250811071518.0
007 t|
008 920114s1990 sp ||||0| spa j
020 _a84-7787-210-4
040 _aM-BN
_bspa
_cM-BN
080 _a347.9(8=6)(063)
111 2 _aJornadas Iberoamericanas de Derecho Procesal (
_n12ª.
_d1990.
_cMérida)
_9828
245 1 0 _aXII Jornadas Iberoamericanas de Derecho Procesal
_b: Mérida, 5 a 11 de mayo de 1990.
260 _aMadrid :
_bMinisterio de Justicia, Centro de Publicaciones,
_c1990.
300 _a2 v ;
_c21 cm.
504 _aBibliografía.
650 1 4 _aDerecho procesal-
_zAmérica latina-
_vCongresos y asambleas.
_911761
710 1 _aEspaña.
_bMinisterio de Justicia
_93895
852 _aES-MaACL
_jL-17974-5
_bR.122958
999 _c10609
_d10609